000 01095nam a22002537a 4500
999 _c12258
_d12258
003 AR-CdUCM
008 190408b ||||| |||| 00| 0 spa d
040 _aMUNICIPALIDAD PROVINCIAL DEL CUSCO
_cBIBLIOTECA MUNICIPAL DEL CUSCO
041 _htos
082 _a170 /
_bM97 / 1787
100 _aMuratori, Luis Antonio
_930023
245 _aLa filosofia moral declarada, y propuesta a la juventud /
260 _aMadrid :
_bBenito Cano impresor en esa corte,
_c1787.
300 _a376 paginas ;
_c20 cm.
505 _aContenido : t.2 : De la claridad civil o del amor que debemos tener a los otros hombre, como también de la amistad, beneficencia y liberalidad -- Del orden que debe observar el hombre consigo mismo -- Del buen régimen del amor propio -- De la prudencia -- Del buen régimen del deseo de los bienes...
650 _aFilosofía
_9395
650 _aEspaña
_9176
650 _aHombre
_9838
650 _aVirtudes
_930024
650 _aDeseos y pasiones
_930025
700 _aMoreno Morales, Antonio (Traductor)
_930026
942 _2ddc
_cLIBROS
945 _awnts
_d2019-04-08